000 00762cam a2200217 a 4500
001 000004707
005 20200929151504.0
008 910819s1972 sp 000 f spa
040 _aDO-SdBNP
_bspa
_cBNPHU
082 _a843.7
_bH895b
100 1 _aHugo, Víctor,
_d1802-1885.
_913708
245 1 0 _aBug-Jargal /
_cVíctor Hugo ; traducción de F. Santos.
260 _aMadrid :
_bDONCEL,
_c1972.
300 _a237 p. ;
_c19 cm.
490 1 _aLibro joven de bolsillo
_v15
520 _aPrimera nuvela escrita por Víctor Hugo su primera redacción, en forma de cuento largo, data de 1819
650 4 _aNovela francesa
_91075
650 4 _aLiteratura francesa
_ySIGLO XIX
_95031
700 1 _aSantos, F.,
_etr.
_913712
830 0 _aLibro joven de bolsillo
_n15
_913713
999 _c4513
_d4513